=LDR 00000nam 2200000 4500 =001 INLIS000000000025951 =005 20200422092031 =035 ##$$a 0010-061300000025951 =008 200422################g##########0#ind## =041 ##$$a ind =082 ##$$a 2x3.55 =090 ##$$a 2x3.55, HIL e =100 ##$$a Alhilali =245 1#$$a empat puluh lima amal penghapus dosa : $b Sebuah deskripsi al-Qur'an dan Al-Hadis /$c Al-Hilali ; penerjemah , Nabhani Idris =260 ##$$a Surabaya :$b Pustaka Progressif,$c 1991 =300 ##$$a xix, 88 hlm. ; $c 18 x 12 cm. =650 #4$$a Dosa ( Islam ) =850 ##$$a NBPNMAT =084 ##$$a 2x3.55 ALH e =250 ##$$a cet. 2 =700 #$$a Nabhani Idris =990 ##$$a 4551/Pro.97 =990 ##$$a 123636/Pb.97